[Event "DVM U14w 2013"]
[Site "Oberbernhards-Hilders GER"]
[Date "2014.06.28"]
[Round "5"]
[White "Neumann, Isabel"]
[Black "Gatzke, Carolin"]
[Result "1/2-1/2"]
[Termination "normal"]
[Board "1.1"]
[WhiteElo "1508"]
[BlackElo "1731"]
[WhiteTeam "SV 1919 Grimma"]
[BlackTeam "SK Blauer Springer Paderborn"]
[PlyCount "63"]
[WhiteFideId "12964468"]
[BlackFideId "12943746"]
[EventCountry "GER"]
[EventRounds "7"]
[EventType "team-swiss"]
[EventDate "2013.12.26"]

1. d4 c5 2. d5 Nf6 3. c4 e5 4. Nc3 d6 5. e4 Be7 6. Bd3 O-O 7. f4 Nbd7 8. Nf3
exf4 9. Bxf4 Nh5 10. Be3 Ndf6 11. Qc2 Ng4 12. Qe2 f5 13. O-O-O fxe4 14. Bxe4
Nhf6 15. Bc2 Nxe3 16. Qxe3 Ng4 17. Qe1 Bg5+ 18. Nxg5 Qxg5+ 19. Qd2 Qxd2+ 20.
Rxd2 Ne5 21. b3 a5 22. Re1 Bd7 23. Ne4 Ra6 24. Nxd6 Rxd6 25. Rxe5 b5 26. Bd3 a4
27. cxb5 axb3 28. axb3 Rb8 29. Rf2 h6 30. Re7 Bxb5 31. Bxb5 Rxb5 32. Rff7
1/2-1/2

[Event "DVM U14w 2013"]
[Site "Oberbernhards-Hilders GER"]
[Date "2014.06.28"]
[Round "5"]
[White "Möller, Lisa-Marie"]
[Black "Peters, Theresa"]
[Result "0-1"]
[Termination "normal"]
[Board "1.2"]
[WhiteElo "1453"]
[BlackElo "1618"]
[WhiteTeam "SK Blauer Springer Paderborn"]
[BlackTeam "SV 1919 Grimma"]
[PlyCount "104"]
[WhiteFideId "12959367"]
[BlackFideId "12952192"]
[EventCountry "GER"]
[EventRounds "7"]
[EventType "team-swiss"]
[EventDate "2013.12.26"]

1. e4 c5 2. Nf3 e6 3. d4 cxd4 4. Nxd4 a6 5. c4 Qc7 6. Nc3 Nf6 7. a3 Nc6 8. Be3
b6 9. Be2 Bb7 10. f3 Be7 11. O-O O-O 12. Rc1 Rfd8 13. b4 Rac8 14. Qb3 Bd6 15.
h3 Bf4 16. Bxf4 Qxf4 17. Nxc6 Qe3+ 18. Kh1 dxc6 19. Rfd1 Nh5 20. Qc2 Ng3+ 21.
Kh2 Qf4 22. Kg1 Nh5 23. Rd3 Qg5 24. Bf1 Rxd3 25. Bxd3 Nf4 26. Rd1 Nxh3+ 27. Kf1
Nf4 28. Qf2 Nxd3 29. Rxd3 Qc1+ 30. Ke2 c5 31. bxc5 bxc5 32. Qh4 h6 33. Rd8+ Kh7
34. Rxc8 Bxc8 35. Qe1 Qxa3 36. Qd2 Qb4 37. Qd3 Qb2+ 38. Kf1 e5 39. Nd5 Qd4 40.
Ke2 Qxd3+ 41. Kxd3 Bd7 42. Nb6 Bc6 43. Kc3 Kg6 44. Kb3 f5 45. exf5+ Kxf5 46.
Na4 Bxa4+ 47. Kxa4 e4 48. fxe4+ Kxe4 49. Kb3 Kd3 50. g3 g6 51. g4 h5 52. gxh5
gxh5 0-1

[Event "DVM U14w 2013"]
[Site "Oberbernhards-Hilders GER"]
[Date "2014.06.28"]
[Round "5"]
[White "Könze, Heike"]
[Black "Schmidtmann, Samantha"]
[Result "1-0"]
[Termination "normal"]
[Board "1.3"]
[WhiteElo "1471"]
[BlackElo "1368"]
[WhiteTeam "SV 1919 Grimma"]
[BlackTeam "SK Blauer Springer Paderborn"]
[PlyCount "41"]
[WhiteFideId "12964476"]
[BlackFideId "12956759"]
[EventCountry "GER"]
[EventRounds "7"]
[EventType "team-swiss"]
[EventDate "2013.12.26"]

1. e4 c5 2. Nf3 d6 3. Bb5+ Bd7 4. Bxd7+ Nxd7 5. d4 cxd4 6. Qxd4 Ngf6 7. O-O e6
8. Nc3 a6 9. Bg5 Be7 10. Rad1 O-O 11. Rfe1 e5 12. Qd2 b5 13. a3 Rc8 14. Qe2 Nb6
15. Nxe5 Qc7 16. Nd3 Rfe8 17. f4 Nfd7 18. Bxe7 Rxe7 19. Nb4 Nc5 20. Nbd5 Nxd5
21. Nxd5 1-0

[Event "DVM U14w 2013"]
[Site "Oberbernhards-Hilders GER"]
[Date "2014.06.28"]
[Round "5"]
[White "Walow, Xenia"]
[Black "Hagenbeck-Hübert, Lara"]
[Result "1/2-1/2"]
[Termination "normal"]
[Board "1.4"]
[WhiteElo "1352"]
[BlackElo "1294"]
[WhiteTeam "SK Blauer Springer Paderborn"]
[BlackTeam "SV 1919 Grimma"]
[PlyCount "151"]
[WhiteFideId "12971839"]
[BlackFideId "12964484"]
[EventCountry "GER"]
[EventRounds "7"]
[EventType "team-swiss"]
[EventDate "2013.12.26"]

1. d4 d5 2. Bf4 Nf6 3. Nf3 g6 4. e3 Bg7 5. Bd3 Nbd7 6. Nbd2 e6 7. Qe2 c5 8. c3
c4 9. Bc2 O-O 10. Ne5 Nxe5 11. Bxe5 b5 12. g4 Qe7 13. a3 Nd7 14. Bxg7 Kxg7 15.
h4 e5 16. dxe5 Nxe5 17. f4 Nxg4 18. Nf1 f5 19. h5 Bb7 20. hxg6 hxg6 21. Rg1 a5
22. Kd2 b4 23. Ng3 bxc3+ 24. bxc3 Rab8 25. Nxf5+ Rxf5 26. Qxg4 Rf6 27. Bxg6 Kf8
28. Qh4 Qd6 29. Bc2 Rh6 30. Qg3 Ke7 31. Qg7+ Kd8 32. Qg8+ Kc7 33. Qf7+ Kb6 34.
Rab1+ Ka6 35. Rg6 Rxg6 36. Qxg6 Qxg6 37. Bxg6 Rg8 38. Bh5 Rg2+ 39. Be2 Bc8 40.
Re1 Kb5 41. Kc1 Bf5 42. Rd1 Rxe2 43. Rxd5+ Ka4 44. Rxf5 Rxe3 45. Kd2 Rd3+ 46.
Kc2 Rf3 47. Kd2 Kxa3 48. Rxa5+ Kb3 49. Rb5+ Ka3 50. f5 Ka4 51. Rb4+ Ka5 52.
Rxc4 Rxf5 53. Ke3 Kb5 54. Rc8 Rc5 55. Rb8+ Kc4 56. Kd2 Rd5+ 57. Kc2 Rf5 58.
Rb4+ Kc5 59. Kb3 Rf1 60. Kc2 Rf2+ 61. Kd1 Rg2 62. Re4 Rg3 63. Kd2 Rg2+ 64. Kd3
Rg3+ 65. Re3 Rxe3+ 66. Kxe3 Kc4 67. Kd2 Kc5 68. Kd3 Kd5 69. c4+ Kc6 70. Kd4 Kd6
71. c5+ Kc7 72. Kd5 Kd7 73. c6+ Kc8 74. Kd6 Kd8 75. c7+ Kc8 76. Kc6 1/2-1/2

[Event "DVM U14w 2013"]
[Site "Oberbernhards-Hilders GER"]
[Date "2014.06.28"]
[Round "5"]
[White "Poetsch, Leonore"]
[Black "Wächter, Nathalie"]
[Result "1/2-1/2"]
[Termination "normal"]
[Board "2.1"]
[WhiteElo "1477"]
[BlackElo "1733"]
[WhiteTeam "SK Langen"]
[BlackTeam "Tura Harksheide"]
[PlyCount "51"]
[WhiteFideId "12940372"]
[BlackFideId "12921033"]
[EventCountry "GER"]
[EventRounds "7"]
[EventType "team-swiss"]
[EventDate "2013.12.26"]

1. e4 d5 2. exd5 Nf6 3. Nf3 Nxd5 4. d4 Bg4 5. c4 Nb6 6. Be3 e6 7. Be2 Nc6 8. b3
Bb4+ 9. Nbd2 Bxf3 10. Bxf3 Bc3 11. Rc1 Bxd4 12. Bxc6+ bxc6 13. Qf3 O-O 14. Bxd4
Qxd4 15. Qxc6 Rfd8 16. Nf3 Qb2 17. O-O Qxa2 18. Qxc7 Qxb3 19. Ne5 Rf8 20. Rb1
Qa2 21. Ra1 Qc2 22. Rfc1 Qb3 23. Rcb1 Qc2 24. Rc1 Qb3 25. Rcb1 Qc2 26. Rc1
1/2-1/2

[Event "DVM U14w 2013"]
[Site "Oberbernhards-Hilders GER"]
[Date "2014.06.28"]
[Round "5"]
[White "Köhler, Inken"]
[Black "Reinecke, Katharina"]
[Result "1-0"]
[Termination "normal"]
[Board "2.2"]
[WhiteElo "1618"]
[BlackElo "1583"]
[WhiteTeam "Tura Harksheide"]
[BlackTeam "SK Langen"]
[PlyCount "91"]
[WhiteFideId "12929301"]
[BlackFideId "12929727"]
[EventCountry "GER"]
[EventRounds "7"]
[EventType "team-swiss"]
[EventDate "2013.12.26"]

1. e4 c6 2. d4 d5 3. exd5 cxd5 4. Bd3 Nf6 5. c3 Nc6 6. Bf4 g6 7. Nf3 Bg7 8.
Nbd2 O-O 9. O-O Bf5 10. Bxf5 gxf5 11. Ne5 Rc8 12. Re1 e6 13. Qf3 Ne4 14. Nxe4
fxe4 15. Qg4 Kh8 16. Re3 f5 17. Qh5 Qe8 18. Rh3 Qxh5 19. Rxh5 Nxe5 20. dxe5 Rf7
21. Kf1 Bf8 22. Rd1 Rg7 23. Be3 Bc5 24. Bd4 Bxd4 25. Rxd4 Rc6 26. Ra4 a6 27. g3
b5 28. Rd4 Rc4 29. Ke2 Rf7 30. Rh6 Rc6 31. Ke3 Kg7 32. Rh4 Rc4 33. Rf4 Kg6 34.
g4 fxg4 35. Rxg4+ Kf5 36. Rf4+ Kg6 37. Rxf7 Kxf7 38. Rxc4 bxc4 39. b3 cxb3 40.
axb3 Ke7 41. Kd4 Kd7 42. Kc5 Kc7 43. b4 h6 44. h3 Kb7 45. Kd6 Kb6 46. Kxe6 1-0

[Event "DVM U14w 2013"]
[Site "Oberbernhards-Hilders GER"]
[Date "2014.06.28"]
[Round "5"]
[White "Flach, Helene"]
[Black "Giede, Anna-Blume"]
[Result "1-0"]
[Termination "normal"]
[Board "2.3"]
[WhiteElo "1323"]
[BlackElo "1453"]
[WhiteTeam "SK Langen"]
[BlackTeam "Tura Harksheide"]
[PlyCount "48"]
[WhiteFideId "12929735"]
[BlackFideId "12921980"]
[EventCountry "GER"]
[EventRounds "7"]
[EventType "team-swiss"]
[EventDate "2013.12.26"]

1. e4 c6 2. d4 d5 3. Nc3 dxe4 4. Nxe4 Nd7 5. Bc4 Ngf6 6. Ng5 e6 7. Qe2 Nb6 8.
Bd3 h6 9. N5f3 c5 10. Be3 cxd4 11. Bxd4 Bd7 12. O-O-O Rc8 13. Kb1 a5 14. Bb5 a4
15. Ne5 Bc5 16. Nxd7 Nfxd7 17. Qe5 Bxd4 18. Qxd4 Rg8 19. Nf3 f6 20. Rhe1 e5 21.
Nxe5 fxe5 22. Rxe5+ Qe7 23. Bxd7+ Nxd7 24. Qxd7+ Kf7 1-0

[Event "DVM U14w 2013"]
[Site "Oberbernhards-Hilders GER"]
[Date "2014.06.28"]
[Round "5"]
[White "Rosinski, Marietta"]
[Black "Lehnert, Anna-Victoria"]
[Result "0-1"]
[Termination "normal"]
[Board "2.4"]
[WhiteElo "770"]
[BlackElo "1021"]
[WhiteTeam "Tura Harksheide"]
[BlackTeam "SK Langen"]
[PlyCount "92"]
[WhiteFideId "12980250"]
[BlackFideId "12957062"]
[EventCountry "GER"]
[EventRounds "7"]
[EventType "team-swiss"]
[EventDate "2013.12.26"]

1. e4 e5 2. Nf3 Nf6 3. Nc3 Nc6 4. d4 exd4 5. Nxd4 Ne5 6. Be2 d5 7. f3 b6 8. Be3
Bb7 9. Qd2 dxe4 10. O-O-O exf3 11. gxf3 Bc5 12. Rhg1 g6 13. Bh6 Bxd4 14. Qxd4
Qxd4 15. Rxd4 Bxf3 16. Rdd1 Ke7 17. Rge1 Bxe2 18. Rxe2 Ke6 19. Bf4 Nfd7 20. Nb5
Rhc8 21. Na3 f6 22. Nc4 Rd8 23. Nxe5 Nxe5 24. Rdd2 g5 25. Bxe5 fxe5 26. Re3
Rxd2 27. Kxd2 Rd8+ 28. Kc3 Rf8 29. Rh3 Rf7 30. Kc4 c6 31. Rd3 Rf4+ 32. Kc3 g4
33. a4 Rf3 34. Rxf3 gxf3 35. b4 f2 36. Kb3 f1=Q 37. c4 Qd1+ 38. Ka3 e4 39. b5
c5 40. a5 e3 41. axb6 axb6 42. h4 e2 43. h5 e1=R 44. h6 Re3+ 45. Ka2 Qd2+ 46.
Ka1 Re1# 0-1

[Event "DVM U14w 2013"]
[Site "Oberbernhards-Hilders GER"]
[Date "2014.06.28"]
[Round "5"]
[White "Halas, Julia"]
[Black "Moses, Selina"]
[Result "0-1"]
[Termination "normal"]
[Board "3.1"]
[WhiteElo "1573"]
[BlackElo "1723"]
[WhiteTeam "Schachgemeinschaft Leipzig"]
[BlackTeam "SV Muldental Wilkau-Haßlau"]
[PlyCount "96"]
[WhiteFideId "12931810"]
[BlackFideId "12908070"]
[EventCountry "GER"]
[EventRounds "7"]
[EventType "team-swiss"]
[EventDate "2013.12.26"]

1. d4 d5 2. c4 c6 3. Nc3 Nf6 4. Nf3 e6 5. Bg5 dxc4 6. e4 b5 7. e5 h6 8. exf6
hxg5 9. Nxg5 Qxf6 10. Nge4 Qd8 11. Be2 Nd7 12. a4 b4 13. Na2 Ba6 14. Rc1 b3 15.
Nac3 Qa5 16. O-O Nb6 17. Nd2 O-O-O 18. Nf3 Bd6 19. h3 f5 20. Ng5 Bf4 21. Nf7
Bxc1 22. Qxc1 Rhf8 23. Nxd8 Rxd8 24. Qe3 e5 25. dxe5 Re8 26. f4 Kb8 27. Ra1 Nd5
28. Nxd5 cxd5 29. Bf3 Bb7 30. Qd4 Kc7 31. Rc1 Qb6 32. Qxb6+ Kxb6 33. Kf2 a5 34.
Bh5 Re7 35. Bg6 Bc8 36. Bh7 Be6 37. Bg6 d4 38. Ke2 Kc5 39. Kd2 Kb4 40. g4 fxg4
41. hxg4 Bxg4 42. Bh7 Rc7 43. Bd3 c3+ 44. bxc3+ dxc3+ 45. Ke3 b2 46. Rb1 Ka3
47. Bc2 Bd7 48. Ke2 Bxa4 0-1

[Event "DVM U14w 2013"]
[Site "Oberbernhards-Hilders GER"]
[Date "2014.06.28"]
[Round "5"]
[White "Kahle, Leonie"]
[Black "Fromm, Katja"]
[Result "1/2-1/2"]
[Termination "normal"]
[Board "3.3"]
[WhiteElo "1365"]
[BlackElo "1595"]
[WhiteTeam "Schachgemeinschaft Leipzig"]
[BlackTeam "SV Muldental Wilkau-Haßlau"]
[PlyCount "121"]
[WhiteFideId "12983306"]
[BlackFideId "12929409"]
[EventCountry "GER"]
[EventRounds "7"]
[EventType "team-swiss"]
[EventDate "2013.12.26"]

1. e4 c6 2. Nf3 d5 3. Nc3 dxe4 4. Nxe4 Bf5 5. Nc3 Nf6 6. Bc4 e6 7. d4 Nbd7 8.
Bd3 Bxd3 9. Qxd3 Be7 10. Ne2 O-O 11. O-O c5 12. c3 cxd4 13. Nexd4 e5 14. Nf5 e4
15. Qe3 exf3 16. Qxe7 fxg2 17. Kxg2 g6 18. Qxd8 Raxd8 19. Nd6 Nc5 20. Rd1 Nfe4
21. Bf4 g5 22. Nxe4 Nxe4 23. Be3 b6 24. f3 Nc5 25. Bxg5 Rxd1 26. Rxd1 Re8 27.
Kf2 Kg7 28. Be3 Ne6 29. Rd7 Ra8 30. f4 Nc5 31. Bxc5 bxc5 32. Rc7 Rd8 33. Ke3
Re8+ 34. Kf3 Re6 35. Rxc5 Ra6 36. a3 Rh6 37. Kg3 Rd6 38. Re5 Rd3+ 39. Kf2 Rd2+
40. Re2 Rd3 41. Rc2 Rh3 42. Kg2 Rh6 43. c4 a5 44. b4 axb4 45. axb4 Rb6 46. b5
Rb8 47. Rb2 Kf6 48. Re2 Kf5 49. Kf3 f6 50. Re4 h5 51. Rd4 Ke6 52. Re4+ Kd6 53.
f5 Kc5 54. Re6 Kxc4 55. Rxf6 Rxb5 56. h4 Kd5 57. Re6 Rb4 58. Kg3 Rg4+ 59. Kh3
Rf4 60. Rg6 Rf3+ 61. Rg3 1/2-1/2

[Event "DVM U14w 2013"]
[Site "Oberbernhards-Hilders GER"]
[Date "2014.06.28"]
[Round "5"]
[White "Kluge, Leyla"]
[Black "Denkert, Anna"]
[Result "0-1"]
[Termination "normal"]
[Board "4.1"]
[WhiteElo "1691"]
[BlackElo "1608"]
[WhiteTeam "USG Chemnitz"]
[BlackTeam "SV Empor Berlin"]
[PlyCount "96"]
[WhiteFideId "12918172"]
[BlackFideId "12938122"]
[EventCountry "GER"]
[EventRounds "7"]
[EventType "team-swiss"]
[EventDate "2013.12.26"]

1. c4 e5 2. Nc3 Nc6 3. g3 g6 4. Bg2 Bg7 5. e3 d6 6. Nge2 Be6 7. d3 Qd7 8. O-O
Bh3 9. Rb1 h5 10. Nd5 Bxg2 11. Kxg2 h4 12. Rh1 Nf6 13. Nec3 hxg3 14. hxg3 Rxh1
15. Qxh1 O-O-O 16. Nxf6 Bxf6 17. Nd5 Bg7 18. Qh7 Rh8 19. Qxg7 Qh3+ 20. Kf3 Qf5+
21. Ke2 Rh2 22. Qf6 Rxf2+ 23. Ke1 Qxf6 24. Nxf6 Rxf6 25. Ke2 e4 26. d4 Rf3 27.
g4 Rg3 28. Bd2 Rxg4 29. b4 Rg2+ 30. Kd1 Rg1+ 31. Kc2 Rxb1 32. Kxb1 g5 33. Kc1
Kd7 34. Kd1 Ne7 35. Ke2 d5 36. c5 c6 37. Kf2 Nf5 38. Kg2 Nh4+ 39. Kg3 Nf3 40.
Bc1 f5 41. a3 Ne1 42. Bd2 Nd3 43. Kg2 Ke6 44. Kg3 Kf6 45. Kg2 Kg6 46. Kg3 Kh5
47. Kh3 f4 48. exf4 gxf4 0-1

[Event "DVM U14w 2013"]
[Site "Oberbernhards-Hilders GER"]
[Date "2014.06.28"]
[Round "5"]
[White "Du, Katharina"]
[Black "Peil, Celine"]
[Result "1/2-1/2"]
[Termination "normal"]
[Board "4.2"]
[WhiteElo "1513"]
[BlackElo "1349"]
[WhiteTeam "SV Empor Berlin"]
[BlackTeam "USG Chemnitz"]
[PlyCount "77"]
[WhiteFideId "12945757"]
[BlackFideId "12942219"]
[EventCountry "GER"]
[EventRounds "7"]
[EventType "team-swiss"]
[EventDate "2013.12.26"]

1. d4 d5 2. Nf3 Nf6 3. Bf4 Bg4 4. e3 e6 5. Nbd2 Be7 6. Be2 O-O 7. O-O Nbd7 8.
c4 dxc4 9. Bxc4 Rc8 10. Rc1 Nb6 11. Bd3 c5 12. Qb3 Qd5 13. dxc5 Rxc5 14. Qxd5
Nfxd5 15. Bg3 Rfc8 16. Rxc5 Rxc5 17. Nb3 Rc8 18. Nfd4 Na4 19. Rb1 b6 20. Ba6
Rf8 21. Nc6 Bf6 22. Bd6 Re8 23. e4 Nxb2 24. exd5 exd5 25. Nbd4 Nc4 26. Bg3 Nd2
27. Rc1 Bg5 28. f4 Bf6 29. Nb5 Ne4 30. Re1 Bd7 31. Nbxa7 Ra8 32. Bb7 Bxc6 33.
Nxc6 Rxa2 34. Nb4 Bd4+ 35. Kh1 Rd2 36. Bxd5 Nf6 37. Nc6 Bc3 38. Ne7+ Kf8 39.
Bf3 1/2-1/2

[Event "DVM U14w 2013"]
[Site "Oberbernhards-Hilders GER"]
[Date "2014.06.28"]
[Round "5"]
[White "Fuchs, Joline"]
[Black "Berdin, Victoria"]
[Result "0-1"]
[Termination "normal"]
[Board "4.3"]
[WhiteElo "1175"]
[BlackElo "1469"]
[WhiteTeam "USG Chemnitz"]
[BlackTeam "SV Empor Berlin"]
[PlyCount "92"]
[WhiteFideId "12964506"]
[EventCountry "GER"]
[EventRounds "7"]
[EventType "team-swiss"]
[EventDate "2013.12.26"]

1. g3 Nc6 2. c4 e5 3. Bg2 d6 4. Nc3 Nf6 5. d3 Be7 6. Nf3 O-O 7. O-O Kh8 8. a3
Ng8 9. b4 f5 10. Qd2 h6 11. Nd5 g5 12. Qc3 Nf6 13. Nxe7 Nxe7 14. Qd2 Rg8 15. h4
f4 16. e3 g4 17. Ne1 f3 18. Bh1 c6 19. e4 Rg6 20. Nc2 b6 21. Ne3 a5 22. Bb2 Qg8
23. c5 Nd7 24. cxd6 Rxd6 25. Nc4 Qxc4 26. Qxh6+ Rxh6 27. dxc4 Ba6 28. Rfd1 Ra7
29. bxa5 bxa5 30. c5 Be2 31. Rd2 Kg7 32. Rb1 Kf7 33. Rc1 Rb7 34. Rcc2 Bb5 35.
Bc1 Re6 36. Rb2 a4 37. Bxf3 gxf3 38. h5 Ng8 39. g4 Ndf6 40. h6 Nxh6 41. g5 Nxe4
42. gxh6 Rg6+ 43. Kh2 Rxh6+ 44. Kg1 Nxd2 45. Rxd2 Rg6+ 46. Kh2 Ke8 0-1

[Event "DVM U14w 2013"]
[Site "Oberbernhards-Hilders GER"]
[Date "2014.06.28"]
[Round "5"]
[White "Alcer, Johanna"]
[Black "Belusa, Laura Sophie"]
[Result "1/2-1/2"]
[Termination "normal"]
[Board "4.4"]
[WhiteElo "999"]
[BlackElo "1134"]
[WhiteTeam "SV Empor Berlin"]
[BlackTeam "USG Chemnitz"]
[PlyCount "131"]
[WhiteFideId "12964450"]
[BlackFideId "12964522"]
[EventCountry "GER"]
[EventRounds "7"]
[EventType "team-swiss"]
[EventDate "2013.12.26"]

1. e4 e5 2. Nf3 Nc6 3. Bc4 Bc5 4. c3 d6 5. h3 Be6 6. Bb3 Nf6 7. d3 h6 8. O-O d5
9. exd5 Bxd5 10. Re1 e4 11. Nbd2 O-O 12. Bxd5 Qxd5 13. dxe4 Qd7 14. b4 Bb6 15.
a4 a6 16. Ba3 Rfe8 17. b5 Ne5 18. Nxe5 Rxe5 19. c4 Ba5 20. Ra2 Rg5 21. Bb2 Qxh3
22. g3 Nh5 23. Ra3 Nf4 24. Qf3 Rg4 25. Bc3 Bxc3 26. Rxc3 axb5 27. cxb5 Rxa4 28.
Rxc7 Ra2 29. Rd1 Qh5 30. Kf1 Qxb5+ 31. Rc4 h5 32. gxf4 Rxd2 33. Rxd2 Qxc4+ 34.
Rd3 Qc1+ 35. Qd1 Qxd1+ 36. Rxd1 Rxf4 37. Rd8+ Kh7 38. Re8 b5 39. Re5 g6 40. Kg2
b4 41. f3 b3 42. Rb5 f6 43. Rxb3 g5 44. Rb5 Kg6 45. Kg3 h4+ 46. Kg2 g4 47. Rb3
gxf3+ 48. Rxf3 Rxe4 49. Kh2 Kg5 50. Rf2 f5 51. Kh3 Re3+ 52. Kg2 Kg4 53. Kh2 f4
54. Rg2+ Rg3 55. Rf2 Rh3+ 56. Kg2 f3+ 57. Kg1 Rg3+ 58. Kh2 h3 59. Kh1 Rg2 60.
Rf1 f2 61. Rd1 Rg3 62. Rd4+ Kf3 63. Rd3+ Ke2 64. Rxg3 f1=Q+ 65. Kh2 Ke1 66. Rg1
1/2-1/2

[Event "DVM U14w 2013"]
[Site "Oberbernhards-Hilders GER"]
[Date "2014.06.28"]
[Round "5"]
[White "Usczeck, Alina"]
[Black "Shvartsman, Kristina"]
[Result "0-1"]
[Termination "normal"]
[Board "5.1"]
[WhiteElo "1554"]
[BlackElo "1163"]
[WhiteTeam "SV Turm Lahnstein"]
[BlackTeam "SK Gräfelfing"]
[PlyCount "54"]
[WhiteFideId "12938114"]
[BlackFideId "12983438"]
[EventCountry "GER"]
[EventRounds "7"]
[EventType "team-swiss"]
[EventDate "2013.12.26"]

1. e4 c5 2. Nf3 Nc6 3. d4 cxd4 4. Nxd4 d6 5. Nc3 Nf6 6. Be3 e6 7. h3 a6 8. g4
Qc7 9. g5 Nd7 10. Qd2 Be7 11. O-O-O b5 12. Bg2 Bb7 13. f4 b4 14. Nce2 Nxd4 15.
Nxd4 Nc5 16. Qxb4 d5 17. exd5 Nd3+ 18. Rxd3 Bxb4 19. a3 Bd6 20. Rf1 Bxd5 21.
Bxd5 exd5 22. Nf5 O-O 23. Rxd5 Rac8 24. Rf2 Rfd8 25. Rfd2 Bf8 26. Rxd8 Rxd8 27.
Nd4 Bc5 0-1

[Event "DVM U14w 2013"]
[Site "Oberbernhards-Hilders GER"]
[Date "2014.06.28"]
[Round "5"]
[White "Joebges, Julia"]
[Black "Ley, Sabrina"]
[Result "0-1"]
[Termination "normal"]
[Board "5.2"]
[WhiteElo "1281"]
[BlackElo "1487"]
[WhiteTeam "SK Gräfelfing"]
[BlackTeam "SV Turm Lahnstein"]
[PlyCount "88"]
[WhiteFideId "12983446"]
[BlackFideId "12938130"]
[EventCountry "GER"]
[EventRounds "7"]
[EventType "team-swiss"]
[EventDate "2013.12.26"]

1. e4 c5 2. Nf3 d6 3. Bc4 Nf6 4. d3 e6 5. Bg5 Nbd7 6. O-O a6 7. Nbd2 b5 8. Bb3
Qc7 9. Re1 Ng4 10. Bf4 Nb6 11. c3 Be7 12. Rc1 O-O 13. d4 Qd7 14. Nf1 Bb7 15. e5
dxe5 16. Nxe5 Nxe5 17. Bxe5 cxd4 18. Bxd4 Nd5 19. Ng3 Qc6 20. f3 Rfd8 21. Bc2
Bg5 22. Rb1 Ne3 23. Qd3 Nxc2 24. Qxc2 Rxd4 25. Ne4 Bh6 26. Qf2 Rd3 27. Rbd1 Be3
28. Rxd3 Bxf2+ 29. Nxf2 Qb6 30. Kf1 Bd5 31. b3 a5 32. Rc1 Rc8 33. Ng4 a4 34.
Ne3 Bb7 35. c4 axb3 36. axb3 Rd8 37. Rxd8+ Qxd8 38. cxb5 Qd2 39. Rd1 Qa5 40.
Nc4 Qc7 41. b6 Qe7 42. Na5 g6 43. Rc1 Ba6+ 44. Kg1 Qa3 0-1

[Event "DVM U14w 2013"]
[Site "Oberbernhards-Hilders GER"]
[Date "2014.06.28"]
[Round "5"]
[White "Reitz, Theresa"]
[Black "Khamenya, Vitalia"]
[Result "1-0"]
[Termination "normal"]
[Board "5.3"]
[WhiteElo "1308"]
[BlackElo "1222"]
[WhiteTeam "SV Turm Lahnstein"]
[BlackTeam "SK Gräfelfing"]
[PlyCount "65"]
[WhiteFideId "12971901"]
[BlackFideId "12959260"]
[EventCountry "GER"]
[EventRounds "7"]
[EventType "team-swiss"]
[EventDate "2013.12.26"]

1. e4 g6 2. d4 Bg7 3. Nf3 d6 4. c3 Nd7 5. Bd3 e6 6. Be3 Ne7 7. Bc2 a6 8. Qd2 h6
9. Qe2 b6 10. Nbd2 Bb7 11. Rb1 g5 12. h3 Bf6 13. c4 Rg8 14. Nh2 b5 15. cxb5
axb5 16. a3 Ba6 17. Bd3 c6 18. Ng4 Bg7 19. Rc1 Qa5 20. h4 h5 21. Nh2 gxh4 22.
Qxh5 Bf6 23. Ng4 O-O-O 24. Nxf6 Nxf6 25. Qxf7 Ng4 26. Qxe7 Nxe3 27. Rxc6+ Kb8
28. fxe3 Rxg2 29. b4 Qxa3 30. Qxd8+ Bc8 31. Rxc8+ Kb7 32. Qc7+ Ka6 33. Ra8# 1-0

[Event "DVM U14w 2013"]
[Site "Oberbernhards-Hilders GER"]
[Date "2014.06.28"]
[Round "5"]
[White "Shvartsman, Julia"]
[Black "Rau, Jennifer"]
[Result "1/2-1/2"]
[Termination "normal"]
[Board "5.4"]
[WhiteElo "911"]
[BlackElo "1098"]
[WhiteTeam "SK Gräfelfing"]
[BlackTeam "SV Turm Lahnstein"]
[PlyCount "94"]
[WhiteFideId "12983454"]
[BlackFideId "12983276"]
[EventCountry "GER"]
[EventRounds "7"]
[EventType "team-swiss"]
[EventDate "2013.12.26"]

1. e4 d6 2. Nf3 Nf6 3. d3 g6 4. Be2 Bg7 5. Bf4 O-O 6. Qd2 Nbd7 7. Bh6 e5 8. h4
Bxh6 9. Qxh6 Ng4 10. Qg5 Qxg5 11. Nxg5 Ndf6 12. Bxg4 Bxg4 13. f3 Bd7 14. Nc3 h6
15. Nh3 Bxh3 16. Rxh3 c6 17. Ne2 Nh7 18. f4 f5 19. O-O-O Nf6 20. exf5 gxf5 21.
d4 e4 22. Ng3 Ng4 23. Nh5 Kh8 24. Rg3 Rg8 25. d5 c5 26. Rb3 Rab8 27. Ra3 a6 28.
Rb3 b5 29. Ng3 a5 30. Nxf5 Rg6 31. Ne7 Rf6 32. Nc6 Rb6 33. g3 a4 34. Rc3 b4 35.
Rc4 Ne3 36. Rxe4 Nxd1 37. Kxd1 Rg6 38. Re8+ Kh7 39. Re7+ Kg8 40. Re8+ Kf7 41.
Re7+ Kf8 42. Rd7 b3 43. Rd8+ Kf7 44. Rd7+ Ke8 45. Rd8+ Kf7 46. Rd7+ Ke8 47.
Rd8+ Kf7 1/2-1/2

[Event "DVM U14w 2013"]
[Site "Oberbernhards-Hilders GER"]
[Date "2014.06.28"]
[Round "5"]
[White "Sadewasser, Lucie"]
[Black "Rösler, Hannah Clara"]
[Result "1-0"]
[Termination "normal"]
[Board "6.1"]
[WhiteElo "1542"]
[BlackElo "879"]
[WhiteTeam "TSG Gadebusch"]
[BlackTeam "SK Bebenhausen 1992"]
[PlyCount "87"]
[WhiteFideId "12905445"]
[BlackFideId "12983500"]
[EventCountry "GER"]
[EventRounds "7"]
[EventType "team-swiss"]
[EventDate "2013.12.26"]

1. e4 c5 2. Nc3 Nc6 3. f4 g6 4. Nf3 Bg7 5. Bc4 e6 6. d3 Nge7 7. Bb3 O-O 8. g4
d5 9. e5 b6 10. h4 h5 11. gxh5 gxh5 12. Ng5 Re8 13. Qxh5 Nf5 14. Qxf7+ Kh8 15.
Qxf5 exf5 16. Nf7+ Kh7 17. Nxd8 Rxd8 18. Bxd5 Bb7 19. Be3 Rd7 20. Be6 Re7 21.
Bxf5+ Kg8 22. Nd5 Rf7 23. Be6 Nd8 24. Bxf7+ Kxf7 25. c4 Ne6 26. Rg1 Rd8 27. f5
Nf8 28. e6+ Kg8 29. Nf6+ Kh8 30. e7 Rc8 31. e8=Q Rxe8 32. Nxe8 Bxb2 33. Rb1 Be5
34. f6 Nd7 35. f7 Bc6 36. Rg8+ Kh7 37. f8=Q Nxf8 38. Rxf8 Bg3+ 39. Bf2 Be5 40.
Kd2 Kg6 41. Rg1+ Kh5 42. Nf6+ Bxf6 43. Rxf6 b5 44. Rg5# 1-0

[Event "DVM U14w 2013"]
[Site "Oberbernhards-Hilders GER"]
[Date "2014.06.28"]
[Round "5"]
[White "Wettach, Imke Eileen"]
[Black "Dorendorf, Lena"]
[Result "0-1"]
[Termination "normal"]
[Board "6.2"]
[WhiteElo "800"]
[BlackElo "1160"]
[WhiteTeam "SK Bebenhausen 1992"]
[BlackTeam "TSG Gadebusch"]
[PlyCount "68"]
[WhiteFideId "12983519"]
[BlackFideId "12983373"]
[EventCountry "GER"]
[EventRounds "7"]
[EventType "team-swiss"]
[EventDate "2013.12.26"]

1. c4 e5 2. Nc3 Nf6 3. g3 Bc5 4. Bg2 d6 5. Nf3 Be6 6. d3 Qd7 7. Ng5 Nc6 8. Nxe6
Qxe6 9. O-O h5 10. Bg5 Qf5 11. Qd2 Ng4 12. Nd5 Bxf2+ 13. Kh1 Qd7 14. e3 f6 15.
Bxf6 gxf6 16. Rxf2 Nxf2+ 17. Qxf2 O-O-O 18. Nxf6 Qg7 19. d4 Rdf8 20. Bh3+ Kd8
21. dxe5 Nxe5 22. Nxh5 Rxh5 23. Qg2 Nxc4 24. Be6 Qxb2 25. Qxb2 Nxb2 26. Rb1 Rf2
27. h3 Re5 28. Bg4 Rxe3 29. Kg1 Rd2 30. Kf1 Rxg3 31. Ke1 Rh2 32. Kf1 b6 33. Rc1
Nd3 34. Rc3 Rf2# 0-1